Sion. El último imperialismo

Guardat en:
Dades bibliogràfiques
Autor principal: Degreff, Walter (Autor)
Format: Llibre
Idioma:espanyol
Publicat: Buenos Aires Walter Degreff 1937
Matèries:
Etiquetes: Afegir etiqueta
Sense etiquetes, Sigues el primer a etiquetar aquest registre!

MARC

LEADER 00000nam a2200000 a 4500
001 UCI4795
003 CL-VaPUC
008 080307e19370000AG |||||||||||||||||spa|d
082 0 4 |a 296  |b DEG  |2 21 
100 0 |a Degreff, Walter  |e author  |9 526835 
245 1 0 |a Sion. El último imperialismo 
300 |a 103 p 
942 |c BK 
945 |d 20080307 00:00:00  |a rbrito 
260 |a Buenos Aires  |b Walter Degreff  |c 1937 
500 |a Donación padres capuchinos 
650 7 |a SIONISMO  |2 CL-VaPUC  |9 526836 
650 0 |a Judaísmo  |9 269348 
650 0 |a Historia de los judíos  |9 526837 
651 0 |a Israel  |9 314378 
651 0 |a Palestina  |9 324189 
583 |a last modification  |c 20080307 00:00:00  |k Rodrigo Vera 
999 |c 328642  |d 328640 
952 |0 0  |1 0  |4 0  |6 296_000000000000000_DEG_1937  |7 0  |8 X  |9 412711  |a FDOBUD  |b FDOBUD  |d 2019-11-22  |i 4407865  |o 296 DEG 1937  |p 4407865  |r 2019-11-22  |w 2019-11-22  |y BK_X  |k BUD